| 000 | 01466nam a2200433 i 4500 | ||
|---|---|---|---|
| 001 | 5717 | ||
| 003 | KOSZ 005 | ||
| 005 | 20201027114344.0 | ||
| 008 | 970510s1993 pl a |000 0 pol | ||
| 015 | _aPB 1993/3388 | ||
| 020 | _a8320809086 | ||
| 035 | _a(PL-WaBN)b10279295-48omnis_nlop | ||
| 035 | _ab10279295 | ||
| 035 | _a(OCoLC)749310932 | ||
| 035 | _a(PL)b0000010279295 | ||
| 040 |
_aWA N _cWA N _dKOSZ 005/HR |
||
| 046 | _k1993 | ||
| 080 | _a005.2 | ||
| 245 | 0 | 0 |
_aPlanowanie strategiczne : _bpraca zbiorowa / _cpod red. Andrzeja Klasika ; [aut. Andrzej Barteczek et al.]. |
| 260 |
_aWarszawa : _bPaństwowe Wydawnictwo Ekonomiczne, _c1993. |
||
| 300 |
_a214, [2] s. : _b1wykr. ; _c21 cm. |
||
| 336 |
_2rdacontent _aTekst _btxt |
||
| 337 |
_2rdamedia _aBez urządzenia pośredniczącego _bn |
||
| 338 |
_2rdacarrier _aWolumin _bnc |
||
| 380 | _aKsiążki | ||
| 380 | _aPublikacje naukowe | ||
| 388 | _a1901-2000 | ||
| 388 | _a1989-2000 | ||
| 504 | _aBibliogr. s. 211-[215]. | ||
| 650 | 7 |
_aTeoria decyzji _2DBN |
|
| 658 | _aZarządzanie i marketing | ||
| 650 | 7 |
_aPlanowanie strategiczne _2DBN |
|
| 700 | 1 |
_aBarteczek, Andrzej. _eAutor |
|
| 710 | 2 |
_aPaństwowe Wydawnictwo Ekonomiczne _4pbl |
|
| 700 | 1 |
_aKlasik, Andrzej _d(1943- ) _eRedakcja |
|
| 856 |
_uhttp://koha.tu.koszalin.pl/cgi-bin/koha/opac-detail.pl?biblionumber=5717 _yKatalog online BPK |
||
| 942 |
_2UKD _cKS |
||
| 999 |
_c5717 _d5717 |
||